La educación y la resituación política de la institución familiar: algunas perversidades.

Bibliographic Details
Main Author: Torres, Jurjo
Format: Libro
Language:English
Published: Sevilla Díada 2001
Subjects:

MARC

LEADER 00000cam a2200000 a 4500
001 034867
003 UAHC_CL
005 20170803123808.0
008 020108b xx j 000 1 eng
040 |a UAHC_CL  |c UAHC_CL  |d UAHC_CL 
100 1 |a Torres, Jurjo 
245 1 3 |a La educación y la resituación política de la institución familiar: algunas perversidades. 
260 |a Sevilla  |b Díada  |c 2001 
650 4 |a EDUCACION  |x FAMILIA 
900 |a INVESTIGACION EN LA ESCUELA-44 
942 |c BK 
999 |c 34867  |d 34867